00622 2200217 4500001002100000005001700021008004100038020002200079035002400101082001100125090002100136100002600157245006200183250001100245260004200256300003600298500002700334650001100361990001600372990001600388YOGYA-0612000000099720120617184333.0 ind  a978-979-1616-19-1 0010-061200000000995 a808.51 aYOG 808.51 Har P aHARIWIJAYA, M., 1976- aPamedhar sabda & pranatacara gagrak anyarcM. Hariwijaya. aCet.1. aYogyakartabQaraton Publishingc2008. a220 hlm.bilus.c19 cm (2 eks.) aBibliografi : hlm. 217 aPidato a298-PD/B.12 a299-PD/B.12